| 000 | 00000nam##2200000za#4500 |
| 001 | 9.662148 |
| 003 | CaOODSP |
| 005 | 20210615120413 |
| 007 | ta |
| 008 | 150407|2000||||xxc||||| f|0| 0 fre|d |
| 020 | |a0-662-65221-5 |
| 040 | |aCaOODSP|bfre |
| 041 | |aeng |
| 041 | |afre |
| 043 | |an-cn--- |
| 086 | 1 |aCH44-11/2000 |
| 110 | 1 |aCanada.|bPatrimoine canadien. |bDirection générale du développement culturel et patrimoine. |
| 245 | 10|aDu scénario à l'écran : |bune nouvelle orientation de politique en matière de longs métrages |
| 260 | |aOttawa - Ontario : |bPatrimoine canadien. |c2000. |
| 300 | |aTexte français, 11p. ; |c28 cm. |
| 500 | |a«Le gouvernement du Canada est heureux d'annoncer sa nouvelle Politique canadienne du long métrage. Cette politique reflète l'orientation que le gouvernement fédéral entend désormais donner à son appui à l'industrie cinématographique, lequel a permis de bâtir une industrie canadienne du film et servira maintenant à élargir son public.»--Page 1. |
| 546 | |aBilingue |
| 563 | |aCouverture souple |
| 590 | |a01-03|b2001-01-19 |
| 691 | 07|aIndustrie cinématographique|2gcpds |
| 691 | 07|aPolitique culturelle|2gcpds |
| 776 | 0#|tFrom script to screen : |w(CaOODSP)9.695768 |
| 776 | 0#|tDu scénario à l'écran : |w(CaOODSP)9.639890 |
| 791 | |tFrom script to screen : |eeng|w(CaOODSP)9.662147 |